[Event "SVK-chT2D 2223"]
[Site "Slovakia"]
[Date "2022.11.27"]
[Round "6.6"]
[White "Cisarik, Pavol"]
[Black "Panko, Eduard1111"]
[Result "0-1"]
[WhiteElo "1662"]
[BlackElo "2040"]
[PlyCount "78"]
[EventDate "2022.10.08"]
[EventType "team-tourn"]
[EventRounds "11"]
[EventCountry "SVK"]
[SourceTitle "EXT 2024"]
[Source "ChessBase"]
[SourceDate "2023.10.10"]
[SourceVersion "1"]
[SourceVersionDate "2023.10.10"]
[SourceQuality "1"]
[WhiteTeam "Presov Slavia PU"]
[BlackTeam "Stropkov/Svidnik"]
[WhiteTeamCountry "SVK"]
[BlackTeamCountry "SVK"]

1. e4 Nf6 2. e5 Nd5 3. d4 d6 4. Nf3 g6 5. c4 Nb6 6. Nc3 Bg7 7. Bf4 0-0 8. Bd3 Bg4 9. h3 Bxf3 10. Qxf3 Nc6 11. Qe3 dxe5 12. dxe5 Nxe5 13. Bxe5 Bxe5 14. 0-0-0 Bd4 15. Qf3 e5 16. Be4 Nxc4 17. Bd5 Qg5+ 18. Kc2 Nd6 19. h4 Qf5+ 20. Qxf5 gxf5 21. f4 Kg7 22. Rh3 c6 23. fxe5 Bxe5 24. Bf3 Rad8 25. Bh5 Nc4 26. Be2 Rxd1 27. Nxd1 Nd6 28. Re3 f6 29. Nc3 f4 30. Rf3 Nf5 31. Kd3 Rd8+ 32. Ke4 Nxh4 33. Rd3 Rxd3 34. Kxd3 Bxc3 35. bxc3 Nxg2 36. Ke4 Kg6 37. Kf3 Ne3 38. Kxf4 Nd5+ 39. Kg4 Nxc3 0-1

[Event "Prague Holiday K31"]
[Site "Prague"]
[Date "2017.08.01"]
[Round "5"]
[White "Aubrecht, Petr"]
[Black "Cisarik, Pavol"]
[Result "1-0"]
[WhiteElo "1935"]
[BlackElo "1674"]
[PlyCount "57"]
[EventDate "2017.07.30"]
[EventType "tourn"]
[EventRounds "9"]
[EventCountry "CZE"]
[SourceTitle "EXT 2023"]
[Source "ChessBase"]
[SourceDate "2022.10.05"]
[SourceVersion "1"]
[SourceVersionDate "2022.10.05"]
[SourceQuality "1"]

1. b3 Nf6 2. Bb2 d5 3. e3 e6 4. f4 Be7 5. Nf3 0-0 6. Be2 c5 7. 0-0 Nc6 8. Qe1 d4 9. exd4 cxd4 10. Ne5 Bc5 11. Nxc6 bxc6 12. Bd3 Bb6 13. Na3 Bb7 14. f5 Re8 15. fxe6 Rxe6 16. Qh4 Ne4 17. Qxd8+ Rxd8 18. Nc4 c5 19. a4 Bc7 20. Ba3 Rd5 21. Bxe4 Rxe4 22. Rae1 Rf5 23. Rxe4 Rxf1+ 24. Kxf1 Bxe4 25. d3 Bd5 26. Bxc5 Bxc4 27. dxc4 Bxh2 28. Bxa7 f6 29. Bb6 1-0

[Event "Pobeskydy op"]
[Site "Frydek Mistek"]
[Date "2013.03.30"]
[Round "5"]
[White "Lys, Josef"]
[Black "Cisarik, Pavol"]
[Result "1-0"]
[WhiteElo "2131"]
[BlackElo "1741"]
[PlyCount "81"]
[EventDate "2013.03.28"]
[EventType "swiss"]
[EventRounds "9"]
[EventCountry "CZE"]
[SourceTitle "CBM 153 Extra"]
[Source "ChessBase"]
[SourceDate "2013.04.22"]
[SourceVersion "1"]
[SourceVersionDate "2013.04.22"]
[SourceQuality "1"]

1. d4 Nf6 2. Nf3 e6 3. b3 d5 4. e3 Nbd7 5. Bd3 c5 6. 0-0 Be7 7. a4 0-0 8. Ba3 b6 9. Qe2 Bb7 10. Nbd2 Ne4 11. Bxe4 dxe4 12. Ne1 f5 13. c4 cxd4 14. exd4 Bxa3 15. Rxa3 Qe7 16. Nc2 Nf6 17. f3 Rac8 18. a5 e5 19. dxe5 Qxe5 20. axb6 axb6 21. Ra7 Bc6 22. f4 Qc5+ 23. Qe3 Rfd8 24. Qxc5 bxc5 25. Rf2 Ng4 26. Re2 Rd6 27. h3 Nf6 28. Ne3 g6 29. g4 Rcd8 30. Ndf1 fxg4 31. hxg4 R8d7 32. Ra5 Rb7 33. Nd2 Bd7 34. g5 Bg4 35. Rf2 Rd3 36. Ndf1 Rbxb3 37. gxf6 Rxe3 38. Nxe3 Rxe3 39. Ra7 Be2 40. Rh2 Bh5 41. Rb2 1-0

[Event "Prague Holiday K22"]
[Site "Prague"]
[Date "2012.07.26"]
[Round "7"]
[White "Cisarik, Pavol"]
[Black "Wolf, Ulrich"]
[Result "0-1"]
[WhiteElo "1728"]
[BlackElo "2056"]
[PlyCount "86"]
[EventDate "2012.07.22"]
[EventType "tourn"]
[EventRounds "9"]
[EventCountry "CZE"]
[SourceTitle "EXT 2023"]
[Source "ChessBase"]
[SourceDate "2022.10.05"]
[SourceVersion "1"]
[SourceVersionDate "2022.10.05"]
[SourceQuality "1"]

1. e4 c5 2. Nf3 e6 3. d4 cxd4 4. Nxd4 a6 5. Nc3 Qc7 6. Bd3 Nf6 7. 0-0 Be7 8. Be3 d6 9. f4 h5 10. h3 Nbd7 11. f5 e5 12. Nf3 b5 13. Nd5 Nxd5 14. exd5 Nf6 15. Ng5 Bb7 16. Be4 Rc8 17. Rc1 Nxe4 18. Nxe4 Qc4 19. Nc3 b4 20. Na4 Bd8 21. Nb6 Bxb6 22. Bxb6 Bxd5 23. Qd3 Qc6 24. Bf2 Bc4 25. Qg3 Bxf1 26. Qxg7 Qxg2+ 27. Qxg2 Bxg2 28. Kxg2 Rg8+ 29. Kf3 Rc4 30. Rd1 Ke7 31. Rd5 Rf4+ 32. Ke2 Rxf5 33. Ra5 Ra8 34. Be1 Rf4 35. Bg3 Rc4 36. Kd3 Rc6 37. Be1 Rb8 38. c4 bxc3 39. Bxc3 Ke6 40. Ra4 f5 41. Rh4 Rh8 42. Ke3 f4+ 43. Kf3 Rh7 0-1

[Event "Kosice Kotan Memorial 2nd"]
[Site "Kosice"]
[Date "2010.06.26"]
[Round "1"]
[White "Najgebauer, Szemjon"]
[Black "Cisarik, Pavol"]
[Result "1-0"]
[WhiteElo "2233"]
[BlackElo "1818"]
[PlyCount "69"]
[EventDate "2010.06.26"]
[EventType "swiss"]
[EventRounds "9"]
[EventCountry "SVK"]
[SourceTitle "CBM 137 Extra"]
[Source "ChessBase"]
[SourceDate "2010.09.01"]
[SourceVersion "1"]
[SourceVersionDate "2010.09.01"]
[SourceQuality "1"]

1. d4 Nf6 2. Nf3 d5 3. c4 e6 4. Nc3 c5 5. cxd5 Nxd5 6. e4 Nxc3 7. bxc3 cxd4 8. cxd4 Bb4+ 9. Bd2 Qa5 10. Bxb4 Qxb4+ 11. Qd2 Nc6 12. a3 Qxd2+ 13. Kxd2 0-0 14. Rb1 Rd8 15. Ke3 b6 16. Rc1 Bb7 17. Ba6 Bxa6 18. Rxc6 Rac8 19. Rhc1 Rxc6 20. Rxc6 Rc8 21. Ne5 Rxc6 22. Nxc6 Bf1 23. Nxa7 Bxg2 24. Nc8 b5 25. d5 exd5 26. exd5 Kf8 27. Kd4 Bh3 28. Nd6 Bf1 29. Kc5 Ke7 30. Nf5+ Kd7 31. Nxg7 Bd3 32. Nh5 h6 33. Nf6+ Kd8 34. Ng4 h5 35. Ne5 1-0